បក្សីចាំក្រុង / (Record no. 4468)
[ view plain ]
| 000 -LEADER | |
|---|---|
| fixed length control field | 02238nam a22003257a 4500 |
| 001 - CONTROL NUMBER | |
| control field | 4468 |
| 003 - CONTROL NUMBER IDENTIFIER | |
| control field | FISKH |
| 005 - DATE AND TIME OF LATEST TRANSACTION | |
| control field | 20240911161647.0 |
| 008 - FIXED-LENGTH DATA ELEMENTS--GENERAL INFORMATION | |
| fixed length control field | 240911b cb ||||| |||| 00| 0 eng d |
| 020 ## - INTERNATIONAL STANDARD BOOK NUMBER | |
| International Standard Book Number | 9789995094706 |
| 040 ## - CATALOGING SOURCE | |
| Original cataloging agency | FISKH |
| Language of cataloging | Bilingual |
| Transcribing agency | FISKH |
| Modifying agency | FISKH |
| 050 ## - LIBRARY OF CONGRESS CALL NUMBER | |
| Classification number | PZ7 |
| 082 ## - DEWEY DECIMAL CLASSIFICATION NUMBER | |
| Classification number | 900 |
| 100 ## - MAIN ENTRY--PERSONAL NAME | |
| Personal name | Sotheary, Kimsun |
| Relator term | author |
| 245 ## - TITLE STATEMENT | |
| Title | បក្សីចាំក្រុង / |
| Statement of responsibility, etc. | by Kimsun Sotheary |
| 250 ## - EDITION STATEMENT | |
| Edition statement | ចេញផ្សាយខែធ្នូ ២០០៨ |
| 260 ## - PUBLICATION, DISTRIBUTION, ETC. | |
| Place of publication, distribution, etc. | ភ្នំពេញ : |
| Name of publisher, distributor, etc. | Reading Books ; |
| Date of publication, distribution, etc. | ២០០៨ . |
| 300 ## - PHYSICAL DESCRIPTION | |
| Extent | 28 pages : |
| Other physical details | color illustrations ; |
| Dimensions | 26 cm . |
| 490 ## - SERIES STATEMENT | |
| Series statement | ពិភពរឿងនិទាន |
| 505 ## - FORMATTED CONTENTS NOTE | |
| Formatted contents note | M <br/> |
| 520 ## - SUMMARY, ETC. | |
| Summary, etc. | ក្រោយពីព្រះបាទចក្រពត្តិ ទ្រង់ព្រះទិវង្គតទៅ ក៏មានបុរសម្នាក់ឈ្មោះដំបងគ្រញូងមានប្ញទ្ធិអំនាចខ្លាំងពូកែ បានសោយរាជ្យក្នុងរជ្ជកាលទី១៧ ដែលជាអ្នកបង្គាប់អោយធ្វើគុតព្រះរាជវង្សានុវង្សមុន។ កាលនោះ មានអ្នកម្នាងម្នាក់ទ្រង់មានព្រះគភ៏បានភៀសខ្លួនមកនៅជាមួយតាគហេ និងយាយលាក់ ។ តាគហេស្រលាញ់ទារកនោះណាស់ហើយក៏បានដាក់ឈ្មោះអោយថា បក្សីចាំក្រុង ។ |
| 520 ## - SUMMARY, ETC. | |
| Summary, etc. | After the death of the emperor, a powerful man named Dambang Kronhoung reigned in the 17th reign, who ordered the assassination of the first royal family. At that time, there was a concubine who fled to live with Tak He and Yeay Lak.<br/>He loved the baby so much that he named it Bird City. |
| 521 8# - TARGET AUDIENCE NOTE | |
| Target audience note | 550 <br/> |
| Source | Lexile estimate <br/> |
| 521 8# - TARGET AUDIENCE NOTE | |
| Target audience note | M <br/> |
| Source | Raz-Plus <br/> |
| 650 ## - SUBJECT ADDED ENTRY--TOPICAL TERM | |
| Topical term or geographic name entry element | ដំបងគ្រញូង |
| Form subdivision | រឿងប្រឌិត |
| 650 ## - SUBJECT ADDED ENTRY--TOPICAL TERM | |
| Topical term or geographic name entry element | Rosewood sticks |
| Form subdivision | fiction |
| 700 ## - ADDED ENTRY--PERSONAL NAME | |
| Personal name | San, Thai |
| Relator term | illustrator |
| 942 ## - ADDED ENTRY ELEMENTS (KOHA) | |
| Source of classification or shelving scheme | Dewey Decimal Classification |
| Koha item type | Khmer Books |
| Suppress in OPAC | No |
| Withdrawn status | Lost status | Source of classification or shelving scheme | Damaged status | Not for loan | Collection | Home library | Current library | Shelving location | Date acquired | Total Checkouts | Full call number | Barcode | Date last seen | Copy number | Price effective from | Koha item type |
|---|---|---|---|---|---|---|---|---|---|---|---|---|---|---|---|---|
| Dewey Decimal Classification | Khmer Language Books / សៀវភៅភាសាខ្មែរ | Footprints International School Library Network Toul Tom Poung Campus | Footprints International School Library Network Toul Tom Poung Campus | TTP Primary Khmer Bookshelves | 09/11/2024 | SOT PZ7 900 | FIS03887 | 09/11/2024 | 1 | 09/11/2024 | Khmer Books | |||||
| Dewey Decimal Classification | Khmer Language Books / សៀវភៅភាសាខ្មែរ | Footprints International School Library Network Toul Tom Poung Campus | Footprints International School Library Network Toul Tom Poung Campus | TTP Primary Khmer Bookshelves | 09/16/2025 | SOT PZ7 900 | FIS04110 | 09/16/2025 | 2 | 09/16/2025 | Khmer Books | |||||
| Dewey Decimal Classification | Khmer Language Books / សៀវភៅភាសាខ្មែរ | Footprints International School Library Network Toul Tom Poung Campus | Footprints International School Library Network Toul Tom Poung Campus | TTP Primary Khmer Bookshelves | 10/09/2025 | SOT PZ7 900 | FISBK03892 | 10/09/2025 | 3 | 10/09/2025 | Khmer Books |
